| 000 | 00590cam a2200217 4500 | ||
|---|---|---|---|
| 001 | D4771 | ||
| 008 | 090401t1967 xxu||||| |||| 00| 0 eng d | ||
| 035 | _a(Sirsi) u17255 | ||
| 041 | _aeng | ||
| 050 | _a346.4104344 | ||
| 100 | _aMegarry, R.E. | ||
| 245 | 4 | _aThe Rent Acts | |
| 250 | _a10th | ||
| 260 |
_aLondon _bStevens _c1967 |
||
| 300 | _a3v. (xcviii. 543p. (31). viii. 545p-1006p. xiv. 1009p - 12 | ||
| 350 | _a0 | ||
| 520 | _aVol.1 Text. Vol 2. Statutes. Vol 3. Permanent Supplement | ||
| 710 |
_aLaws, Statutes, etc. Collections _91270 |
||
| 942 | _n0 | ||
| 948 | _c04/03/1997 | ||
| 999 |
_c87492 _d87492 |
||